| 000 | 00472nam a2200169Ia 4500 | ||
|---|---|---|---|
| 008 | 230718s9999 xx 000 0 und d | ||
| 041 | _aeng | ||
| 082 |
_a004.165 _bMAZ |
||
| 100 | _aMazidi M.A. | ||
| 245 |
_a8051 Microcontroller And Embedded Systems _bUsing Assembly And C |
||
| 250 | _a2nd ed. | ||
| 260 |
_c2004 _bPearson |
||
| 300 | _a435 | ||
| 365 |
_cRs. _b325.00 |
||
| 700 | _aMazidi M.A.; Mazidi J.G. & Mckinaly R.D. | ||
| 906 |
_dB:1971702-Mar-2004 _cETC |
||
| 999 |
_c306964 _d306964 |
||